[Event "ZAM olympic qual"]
[Site "Lusaka"]
[Date "2012.05.25"]
[Round "1"]
[White "Lungu, Nase"]
[Black "Phiri, Richmond"]
[Result "1/2-1/2"]
[WhiteElo "2280"]
[BlackElo "2149"]
[PlyCount "51"]
[EventDate "2012.05.25"]
[EventType "tourn"]
[EventRounds "5"]
[EventCountry "ZAM"]
[SourceTitle "EXT 2013"]
[Source "ChessBase"]
[SourceDate "2012.11.22"]
[SourceVersion "1"]
[SourceVersionDate "2012.11.22"]
[SourceQuality "1"]

1. d4 Nf6 2. c4 e6 3. Nc3 Bb4 4. Bg5 h6 5. Bh4 c5 6. d5 d6 7. Rc1 e5 8. f3 Nbd7 9. e4 a6 10. Bd3 Qa5 11. Qd2 b5 12. Nge2 Bxc3 13. Qxc3 b4 14. Qb3 g5 15. Bf2 Nb6 16. 0-0 Qa4 17. Qxa4+ Nxa4 18. b3 Nb6 19. a4 Bd7 20. Ra1 Nc8 21. Ng3 Ne7 22. Nf5 Nxf5 23. exf5 0-0-0 24. g4 Rdg8 25. Kg2 h5 26. h3 1/2-1/2

[Event "Africa-chT rapid"]
[Site "Abuja"]
[Date "2003.10.17"]
[Round "8"]
[White "Lungu, Nase"]
[Black "Simutowe, Amon"]
[Result "0-1"]
[WhiteElo "2270"]
[BlackElo "2424"]
[PlyCount "82"]
[EventDate "2003.10.05"]
[EventType "team-swiss (rapid)"]
[EventRounds "9"]
[EventCountry "NGR"]
[SourceTitle "EXT 2008"]
[Source "ChessBase"]
[SourceDate "2007.11.25"]
[SourceVersion "1"]
[SourceVersionDate "2007.11.25"]
[SourceQuality "1"]

1. d4 Nf6 2. c4 g6 3. Nc3 Bg7 4. e4 d6 5. f4 c5 6. dxc5 Qa5 7. Bd3 Qxc5 8. Nf3 0-0 9. Qe2 Nc6 10. Be3 Qa5 11. 0-0 Ng4 12. Bc1 Nf6 13. Be3 Nd7 14. Qf2 Nc5 15. Bc2 Be6 16. e5 Bxc4 17. Rfd1 Rfd8 18. Qh4 dxe5 19. fxe5 Bd3 20. Rxd3 Nxd3 21. Ng5 Qxe5 22. Qxh7+ Kf8 23. Ne6+ fxe6 24. Rf1+ Ke8 25. Qxg6+ Kd7 26. Qxd3+ Kc8 27. Qe2 Rh8 28. h3 Bh6 29. Bxh6 Qxe2 30. Nxe2 Rxh6 31. Rf8+ Nd8 32. Kh2 Kc7 33. g4 Rf6 34. Rxf6 exf6 35. h4 Nf7 36. h5 Rd8 37. Kg3 Rd2 38. Nf4 Rxc2 39. Nxe6+ Kd7 40. Nf8+ Ke8 41. Nh7 Ke7 0-1

[Event "Africa-chT rapid"]
[Site "Abuja"]
[Date "2003.10.16"]
[Round "4"]
[White "Arab, Adlane"]
[Black "Lungu, Nase"]
[Result "0-1"]
[WhiteElo "2241"]
[BlackElo "2270"]
[PlyCount "130"]
[EventDate "2003.10.05"]
[EventType "team-swiss (rapid)"]
[EventRounds "9"]
[EventCountry "NGR"]
[SourceTitle "EXT 2008"]
[Source "ChessBase"]
[SourceDate "2007.11.25"]
[SourceVersion "1"]
[SourceVersionDate "2007.11.25"]
[SourceQuality "1"]

1. d4 d5 2. c4 dxc4 3. Nf3 a6 4. a4 c5 5. e3 cxd4 6. exd4 Nf6 7. Bxc4 e6 8. 0-0 Be7 9. Nc3 0-0 10. Re1 Nc6 11. Bg5 Nb4 12. Rc1 b6 13. Qe2 Bb7 14. Ne5 Nfd5 15. Nxd5 Nxd5 16. Bxe7 Qxe7 17. Bxd5 Bxd5 18. Rc3 Qb4 19. Qd2 Qxa4 20. Rg3 f6 21. Qh6 Ra7 22. h4 fxe5 23. Rxe5 Qa1+ 24. Kh2 Qxb2 25. Rh5 Qc2 26. Rhg5 Rff7 27. f3 a5 28. Qh5 Qc8 29. Qg4 Qb8 30. h5 a4 31. h6 g6 32. f4 Qf8 33. f5 exf5 34. Qf4 Qxh6+ 35. Rh3 Qf8 36. Qe5 Rf6 37. Qxd5+ Kg7 38. Qe5 Qd6 39. Rgg3 Qxe5 40. dxe5 Re6 41. Re3 b5 42. Re1 b4 43. Rd3 b3 44. Rb1 Rxe5 45. Rd4 Rb5 46. Rd3 b2 47. Ra3 Kf6 48. Kg3 Kg5 49. Kf2 Rb3 50. Rxb3 axb3 51. Ke3 Kg4 52. Rxb2 Ra3 53. Kd3 Kg3 54. Ke3 Ra2 55. Rxb3 Rxg2 56. Rb7 g5 57. Rxh7 g4 58. Rf7 f4+ 59. Rxf4 Ra2 60. Rf8 Ra7 61. Re8 Kg2 62. Rg8 g3 63. Re8 Rf7 64. Ke2 Kg1 65. Rg8 g2 0-1

[Event "Olympiad-35"]
[Site "Bled"]
[Date "2002.11.10"]
[Round "14.3"]
[White "Gonzalez Garcia, Jose"]
[Black "Lungu, Nase"]
[Result "1-0"]
[WhiteElo "2419"]
[BlackElo "2282"]
[PlyCount "95"]
[EventDate "2002.10.26"]
[EventType "team-swiss"]
[EventRounds "14"]
[EventCountry "SLO"]
[SourceTitle "EXT 2003"]
[Source "ChessBase"]
[SourceDate "2002.11.25"]
[SourceVersion "1"]
[SourceVersionDate "2002.11.25"]
[SourceQuality "1"]
[WhiteTeam "Mexico"]
[BlackTeam "Zambia"]
[WhiteTeamCountry "MEX"]
[BlackTeamCountry "ZAM"]

1. d4 d5 2. Nf3 Nf6 3. c4 c6 4. cxd5 cxd5 5. Nc3 Nc6 6. Bf4 a6 7. Ne5 e6 8. e3 Bd7 9. Bd3 Be7 10. 0-0 0-0 11. Rc1 Be8 12. Qf3 h6 13. Qh3 Nh7 14. Bxh6 f5 15. Qg3 Bf6 16. Bf4 Ne7 17. Nf3 Kh8 18. Bc7 Qc8 19. Ne2 Nc6 20. Bd6 Rg8 21. Ne5 g5 22. Rc3 Rg7 23. Rfc1 Qd8 24. Nxc6 Bxc6 25. Be5 Qe7 26. Qh3 Rf8 27. Bxa6 Ra8 28. Bxf6 Qxf6 29. Bd3 Rxa2 30. b4 g4 31. Qg3 Ng5 32. b5 Bd7 33. Qb8+ Kh7 34. Ng3 Rd2 35. Nh5 Nf3+ 36. gxf3 Qh4 37. Ng3 gxf3 38. Qf4 Qxf4 39. exf4 Bxb5 40. Bxb5 Rxd4 41. Rxf3 e5 42. fxe5 f4 43. Rd3 Rb4 44. Rxd5 fxg3 45. hxg3 Rb2 46. Rc2 Rb1+ 47. Kg2 Re1 48. Re2 1-0

[Event "Olympiad-35"]
[Site "Bled"]
[Date "2002.11.08"]
[Round "13.3"]
[White "Lungu, Nase"]
[Black "Lenic, Luka"]
[Result "1/2-1/2"]
[WhiteElo "2282"]
[BlackElo "2257"]
[PlyCount "83"]
[EventDate "2002.10.26"]
[EventType "team-swiss"]
[EventRounds "14"]
[EventCountry "SLO"]
[SourceTitle "EXT 2003"]
[Source "ChessBase"]
[SourceDate "2002.11.25"]
[SourceVersion "1"]
[SourceVersionDate "2002.11.25"]
[SourceQuality "1"]
[WhiteTeam "Zambia"]
[BlackTeam "Slovenia II"]
[WhiteTeamCountry "ZAM"]
[BlackTeamCountry "SLO"]

1. d4 g6 2. c4 Bg7 3. Nc3 d6 4. Nf3 Bg4 5. e3 Nf6 6. Be2 0-0 7. 0-0 c6 8. h3 Bxf3 9. Bxf3 Nbd7 10. b4 Qc7 11. Qb3 Rfe8 12. a4 e5 13. a5 Rac8 14. b5 e4 15. Be2 c5 16. b6 axb6 17. Nb5 Qb8 18. Bd2 bxa5 19. Rxa5 Rc6 20. Rfa1 Bf8 21. d5 Rb6 22. R5a4 Rc8 23. R1a3 Ne8 24. Qa2 Ra6 25. Rxa6 bxa6 26. Rxa6 Nc7 27. Nxc7 Qxc7 28. Ra7 Qd8 29. Ba5 Qe8 30. Qa4 Ne5 31. Qxe8 Rxe8 32. f4 exf3 33. gxf3 g5 34. Bc7 Re7 35. Kf2 f5 36. Bb6 Rxa7 37. Bxa7 f4 38. Bb6 Be7 39. Ba5 Bf6 40. Bd2 fxe3+ 41. Kxe3 Ng6 42. Ke4 1/2-1/2

[Event "Olympiad-35"]
[Site "Bled"]
[Date "2002.11.05"]
[Round "10.3"]
[White "Lungu, Nase"]
[Black "Chinasamy, Devarajen"]
[Result "1-0"]
[WhiteElo "2282"]
[BlackElo "2006"]
[PlyCount "35"]
[EventDate "2002.10.26"]
[EventType "team-swiss"]
[EventRounds "14"]
[EventCountry "SLO"]
[SourceTitle "EXT 2003"]
[Source "ChessBase"]
[SourceDate "2002.11.25"]
[SourceVersion "1"]
[SourceVersionDate "2002.11.25"]
[SourceQuality "1"]
[WhiteTeam "Zambia"]
[BlackTeam "Mauritius"]
[WhiteTeamCountry "ZAM"]
[BlackTeamCountry "MRI"]

1. e4 c5 2. Nf3 d6 3. d4 cxd4 4. Nxd4 Nf6 5. Nc3 a6 6. Bc4 e6 7. Bb3 Be7 8. g4 h6 9. g5 hxg5 10. Bxg5 Nc6 11. Qd2 Qc7 12. 0-0-0 Ne5 13. f4 Nc4 14. Bxc4 Qxc4 15. e5 dxe5 16. fxe5 Nh5 17. Bxe7 Kxe7 18. Nf5+ 1-0

[Event "Olympiad-35"]
[Site "Bled"]
[Date "2002.10.27"]
[Round "2.3"]
[White "Lungu, Nase"]
[Black "Matsuura, Everaldo"]
[Result "1/2-1/2"]
[WhiteElo "2282"]
[BlackElo "2453"]
[PlyCount "86"]
[EventDate "2002.10.26"]
[EventType "team-swiss"]
[EventRounds "14"]
[EventCountry "SLO"]
[SourceTitle "EXT 2003"]
[Source "ChessBase"]
[SourceDate "2002.11.25"]
[SourceVersion "1"]
[SourceVersionDate "2002.11.25"]
[SourceQuality "1"]
[WhiteTeam "Zambia"]
[BlackTeam "Brazil"]
[WhiteTeamCountry "ZAM"]
[BlackTeamCountry "BRA"]

1. e4 c5 2. Nf3 Nc6 3. Bb5 e6 4. 0-0 Nge7 5. Re1 a6 6. Bf1 d5 7. exd5 Nxd5 8. c3 Be7 9. d4 cxd4 10. Nxd4 Nxd4 11. Qxd4 0-0 12. Nd2 Qc7 13. Qe5 Qxe5 14. Rxe5 Rd8 15. Re1 Bd7 16. Nf3 Rac8 17. Bd2 Be8 18. Red1 Bf6 19. Rac1 b5 20. Bg5 Bxg5 21. Nxg5 Nb6 22. Ne4 Na4 23. Rxd8 Rxd8 24. b3 Nb6 25. Rc2 Bc6 26. Rd2 Rxd2 27. Nxd2 Nd5 28. c4 Nb4 29. a3 Nc2 30. Nb1 e5 31. Bd3 Nd4 32. cxb5 axb5 33. Nc3 Kf8 34. f3 Ke7 35. Kf2 f5 36. a4 b4 37. Na2 Nxb3 38. Nxb4 Bxa4 39. Bxf5 g6 40. Bc2 Nc5 41. Bxa4 Nxa4 42. f4 exf4 43. Nd5+ Ke6 1/2-1/2

[Event "Golden Cleopatra op 6th"]
[Site "Cairo"]
[Date "2002.04.16"]
[Round "10"]
[White "Boricsev, Oleg"]
[Black "Lungu, Nase"]
[Result "1/2-1/2"]
[WhiteElo "2333"]
[BlackElo "2262"]
[PlyCount "118"]
[EventDate "2002.04.07"]
[EventType "swiss"]
[EventRounds "11"]
[EventCountry "EGY"]
[SourceTitle "CBM 087 Extra"]
[Source "ChessBase"]
[SourceDate "2002.05.03"]
[SourceVersion "2"]
[SourceVersionDate "2002.08.09"]
[SourceQuality "1"]

1. e4 c5 2. c3 Nf6 3. e5 Nd5 4. d4 cxd4 5. Nf3 e6 6. cxd4 Nc6 7. Bc4 Nb6 8. Bb3 d6 9. Qe2 dxe5 10. dxe5 Nb4 11. 0-0 Qd3 12. Nc3 Qxe2 13. Nxe2 N4d5 14. Nf4 Bd7 15. Nxd5 Nxd5 16. Bxd5 exd5 17. Be3 a6 18. Rac1 Bc6 19. Bb6 Be7 20. Nd4 Rc8 21. f4 g6 22. Rf2 0-0 23. Rfc2 Bd7 24. Kf2 Rxc2+ 25. Rxc2 Rc8 26. Rxc8+ Bxc8 27. Ke3 f6 28. Nb3 g5 29. g3 gxf4+ 30. Kxf4 Kf7 31. Bd4 f5 32. a3 Kg6 33. h4 Bf8 34. Be3 h5 35. Bc5 Bh6+ 36. Kf3 Bd7 37. Be3 Bf8 38. Nd4 Bg7 39. Bf4 Bf8 40. Bg5 Bg7 41. Kf4 Bf8 42. Kf3 Bg7 43. Bf4 Bf8 44. e6 Bc8 45. Bg5 Bc5 46. e7 Kf7 47. Ke3 Bxe7 48. Bxe7 Kxe7 49. Ne2 Be6 50. Kf4 Kf6 51. Nd4 Bd7 52. b4 Be6 53. Nb3 Bd7 54. Nc5 Bc6 55. Ke3 Ke5 56. Nd3+ Kd6 57. Kd4 Be8 58. Ne5 b6 59. Nd3 a5 1/2-1/2

[Event "Golden Cleopatra op 6th"]
[Site "Cairo"]
[Date "2002.04.14"]
[Round "8"]
[White "Kamel, Mahmoud"]
[Black "Lungu, Nase"]
[Result "0-1"]
[WhiteElo "2109"]
[BlackElo "2262"]
[PlyCount "76"]
[EventDate "2002.04.07"]
[EventType "swiss"]
[EventRounds "11"]
[EventCountry "EGY"]
[SourceTitle "CBM 087 Extra"]
[Source "ChessBase"]
[SourceDate "2002.05.03"]
[SourceVersion "2"]
[SourceVersionDate "2002.08.09"]
[SourceQuality "1"]

1. e4 c5 2. Nf3 e6 3. d3 d5 4. Nbd2 Nc6 5. g3 g6 6. Bg2 Bg7 7. 0-0 Nge7 8. c3 0-0 9. Re1 b5 10. h4 b4 11. e5 a5 12. Nf1 a4 13. a3 bxc3 14. bxc3 Bd7 15. N1h2 Rb8 16. Bf4 Rb3 17. Qd2 f5 18. exf6 Bxf6 19. Ne5 Nxe5 20. Bxe5 Nc6 21. Bxf6 Qxf6 22. Rec1 Qf5 23. f4 Rfb8 24. Nf1 Qf6 25. Kh2 Rb2 26. Qd1 R8b3 27. Kh1 Rxc3 28. Ne3 Qd4 29. Rxc3 Qxc3 30. Ng4 Kg7 31. h5 gxh5 32. Nh2 Rd2 33. Qb1 Qb2 34. Qf1 Rxg2 35. Qxg2 Qxa1+ 36. Nf1 Qd1 37. Kh2 Nd4 38. Ne3 Qe2 0-1

[Event "Golden Cleopatra op 6th"]
[Site "Cairo"]
[Date "2002.04.13"]
[Round "7"]
[White "Lungu, Nase"]
[Black "Peng, Zhaoqin"]
[Result "0-1"]
[WhiteElo "2262"]
[BlackElo "2460"]
[PlyCount "106"]
[EventDate "2002.04.07"]
[EventType "swiss"]
[EventRounds "11"]
[EventCountry "EGY"]
[SourceTitle "CBM 087 Extra"]
[Source "ChessBase"]
[SourceDate "2002.05.03"]
[SourceVersion "2"]
[SourceVersionDate "2002.08.09"]
[SourceQuality "1"]

1. d4 d5 2. c4 c6 3. Nf3 Nf6 4. e3 e6 5. Be2 Nbd7 6. 0-0 Bd6 7. Nc3 0-0 8. Qc2 dxc4 9. a4 e5 10. Bxc4 Qe7 11. Ne4 Nxe4 12. Qxe4 Nf6 13. Qh4 e4 14. Nd2 Bf5 15. b3 h6 16. f4 exf3 17. Rxf3 Bg6 18. e4 Bb4 19. e5 Nd5 20. Qf2 Rad8 21. Bb2 Qg5 22. Nf1 a6 23. Ne3 Be4 24. Rg3 Qf4 25. Nxd5 Qxf2+ 26. Kxf2 cxd5 27. Bd3 f5 28. exf6 Rxf6+ 29. Kg1 Bd6 30. Rh3 Re8 31. Re3 Bf4 32. Re2 Rb6 33. Bc2 Bg5 34. Ba3 Bf6 35. Rd1 Kf7 36. Bxe4 Rxe4 37. Rxe4 dxe4 38. b4 Rc6 39. d5 Rc3 40. Bc1 Rb3 41. d6 Rxb4 42. a5 Rb1 43. d7 Bd8 44. Kf2 Ke6 45. Ke3 Rb5 46. Kxe4 Re5+ 47. Kf3 Rxa5 48. Bb2 g5 49. Bg7 h5 50. Rb1 Rf5+ 51. Ke2 b5 52. Bc3 Rc5 53. Bb4 Rc4 0-1

[Event "Golden Cleopatra op 6th"]
[Site "Cairo"]
[Date "2002.04.10"]
[Round "4"]
[White "Ahmed, Esam Aly"]
[Black "Lungu, Nase"]
[Result "1/2-1/2"]
[WhiteElo "2382"]
[BlackElo "2262"]
[PlyCount "101"]
[EventDate "2002.04.07"]
[EventType "swiss"]
[EventRounds "11"]
[EventCountry "EGY"]
[SourceTitle "CBM 087 Extra"]
[Source "ChessBase"]
[SourceDate "2002.05.03"]
[SourceVersion "2"]
[SourceVersionDate "2002.08.09"]
[SourceQuality "1"]

1. e4 c5 2. Nf3 e6 3. d4 cxd4 4. Nxd4 a6 5. Nc3 Qc7 6. g3 Bb4 7. Nde2 Nc6 8. Bg2 Nge7 9. 0-0 0-0 10. a3 Bc5 11. Nf4 b5 12. Nfd5 exd5 13. exd5 Bb7 14. dxc6 Bxc6 15. Re1 Bxg2 16. Kxg2 Qc6+ 17. Qf3 Qxf3+ 18. Kxf3 Nc6 19. Kg2 Rfe8 20. Bd2 Bd4 21. Rad1 f6 22. b3 Rxe1 23. Rxe1 Bxc3 24. Bxc3 Kf7 25. Rd1 Ke6 26. f4 Rd8 27. g4 d5 28. f5+ Kf7 29. Kf3 d4 30. Bb2 Ne5+ 31. Ke4 Nxg4 32. Rd2 d3 33. cxd3 g6 34. h3 gxf5+ 35. Kxf5 Ne3+ 36. Ke4 Nd5 37. Rg2 Rd7 38. h4 Ne7 39. h5 Rc7 40. h6 Ke6 41. Rg7 Nd5 42. Rg8 Rc2 43. Re8+ Kf7 44. Ra8 Rxb2 45. Kxd5 Rxb3 46. Ke4 Rxa3 47. Kf5 Rxd3 48. Ra7+ Kg8 49. Ra8+ Kf7 50. Ra7+ Kg8 51. Ra8+ 1/2-1/2

[Event "Africa-ch"]
[Site "Cairo"]
[Date "2001.09.23"]
[Round "8"]
[White "Lungu, Nase"]
[Black "Molale, Ofentse"]
[Result "1-0"]
[WhiteElo "2250"]
[BlackElo "2101"]
[PlyCount "71"]
[EventDate "2001.09.16"]
[EventType "swiss"]
[EventRounds "9"]
[EventCountry "EGY"]
[SourceTitle "CBM 084 Extra"]
[Source "ChessBase"]
[SourceDate "2001.10.26"]
[SourceVersion "1"]
[SourceVersionDate "2001.10.26"]
[SourceQuality "1"]

1. e4 e6 2. d4 d5 3. e5 c5 4. c3 Qb6 5. Nf3 Nc6 6. Bd3 Bd7 7. dxc5 Bxc5 8. 0-0 f6 9. b4 Be7 10. Bf4 0-0-0 11. a4 Rf8 12. a5 Qc7 13. exf6 Qxf4 14. fxg7 Nf6 15. gxh8Q Rxh8 16. Qd2 Qd6 17. b5 Ne5 18. Nxe5 Qxe5 19. Qe2 Qg5 20. f4 Bc5+ 21. Kh1 Qh6 22. Nd2 Nh5 23. Qg4 Be3 24. Nb3 Bxf4 25. Rf3 e5 26. Bf5 Nf6 27. Bxd7+ Nxd7 28. g3 Be3 29. Re1 d4 30. cxd4 exd4 31. Nxd4 Qg5 32. Qxg5 Bxg5 33. Rf7 b6 34. Ne6 Re8 35. Re4 Be7 36. Ng7 1-0

[Event "Africa-ch"]
[Site "Cairo"]
[Date "2001.09.19"]
[Round "4"]
[White "Kaabi, Mejdi"]
[Black "Lungu, Nase"]
[Result "0-1"]
[WhiteElo "2365"]
[BlackElo "2250"]
[PlyCount "79"]
[EventDate "2001.09.16"]
[EventType "swiss"]
[EventRounds "9"]
[EventCountry "EGY"]
[SourceTitle "CBM 084 Extra"]
[Source "ChessBase"]
[SourceDate "2001.10.26"]
[SourceVersion "1"]
[SourceVersionDate "2001.10.26"]
[SourceQuality "1"]

1. d4 d5 2. Nf3 Nf6 3. c4 dxc4 4. g3 c5 5. Qa4+ Nc6 6. dxc5 e6 7. Bg2 Qa5+ 8. Qxa5 Nxa5 9. Bd2 Nc6 10. Na3 Bxc5 11. Nxc4 Ne4 12. 0-0 f6 13. a3 0-0 14. b4 Be7 15. b5 Nxd2 16. Ncxd2 Na5 17. Rfc1 e5 18. Rc2 Bf5 19. e4 Be6 20. Nh4 g6 21. Nf1 Nb3 22. Rb1 Nd4 23. Rd2 Bxa3 24. Ne3 Rac8 25. Nd5 Kg7 26. h3 Rf7 27. Ra2 Bc5 28. g4 Rd7 29. Kh2 Bf7 30. Kg3 f5 31. Raa1 fxe4 32. Ne3 Ne2+ 33. Kh2 Be7 34. Nhf5+ gxf5 35. Nxf5+ Kf6 36. Rxa7 Bc5 37. b6 Nc3 38. Rb2 Rc6 39. h4 Bxb6 40. g5+ 0-1

[Event "Olympiad-34"]
[Site "Istanbul"]
[Date "2000.11.12"]
[Round "14.1"]
[White "Lungu, Nase"]
[Black "Mas, Hafizulhelmi"]
[Result "0-1"]
[WhiteElo "2200"]
[BlackElo "2441"]
[PlyCount "102"]
[EventDate "2000.10.28"]
[EventType "team-swiss"]
[EventRounds "14"]
[EventCountry "TUR"]
[SourceTitle "EXT 2001"]
[Source "ChessBase"]
[SourceDate "2000.11.22"]
[SourceVersion "1"]
[SourceVersionDate "2000.11.22"]
[SourceQuality "1"]
[WhiteTeam "Zambia"]
[BlackTeam "Malaysia"]
[WhiteTeamCountry "ZAM"]
[BlackTeamCountry "MAS"]

1. c4 e5 2. Nc3 Nf6 3. g3 Bb4 4. Bg2 0-0 5. Nf3 Bxc3 6. bxc3 d6 7. 0-0 Nc6 8. d3 h6 9. e4 Bg4 10. h3 Be6 11. Kh2 Nh7 12. Nh4 Kh8 13. Qe1 g5 14. Nf5 Bxf5 15. exf5 Qd7 16. f4 exf4 17. gxf4 Rae8 18. Qg3 f6 19. Rb1 b6 20. Rb2 Ne7 21. Rbf2 Rf7 22. Qg4 Ref8 23. Qh5 Kg7 24. Bd5 Nxd5 25. cxd5 Rg8 26. fxg5 hxg5 27. Re1 Nf8 28. Qg4 Qd8 29. c4 Nd7 30. Re6 Rh8 31. Bb2 Kf8 32. Re3 Rh4 33. Qe2 Ne5 34. Bxe5 dxe5 35. Re4 Rfh7 36. Rxh4 Rxh4 37. Rf3 Qe7 38. Kg2 Qh7 39. Qe3 Rf4 40. Rxf4 gxf4 41. Qf3 Qxf5 42. a4 Ke7 43. Kf1 a5 44. Ke2 Qd7 45. Qh5 Qxa4 46. Qh7+ Kd6 47. Qf5 Kc5 48. Qxf6 Qc2+ 49. Ke1 Qc1+ 50. Kf2 Qe3+ 51. Kg2 Qg3+ 0-1

[Event "Olympiad-34"]
[Site "Istanbul"]
[Date "2000.11.07"]
[Round "10.2"]
[White "Lungu, Nase"]
[Black "Garcia Paolicchi, Raul"]
[Result "1/2-1/2"]
[WhiteElo "2200"]
[BlackElo "2318"]
[PlyCount "59"]
[EventDate "2000.10.28"]
[EventType "team-swiss"]
[EventRounds "14"]
[EventCountry "TUR"]
[SourceTitle "EXT 2001"]
[Source "ChessBase"]
[SourceDate "2000.11.22"]
[SourceVersion "1"]
[SourceVersionDate "2000.11.22"]
[SourceQuality "1"]
[WhiteTeam "Zambia"]
[BlackTeam "Andorra"]
[WhiteTeamCountry "ZAM"]
[BlackTeamCountry "AND"]

1. d4 d5 2. e3 Nf6 3. c4 c6 4. Nc3 a6 5. Nf3 b5 6. cxd5 cxd5 7. Ne5 e6 8. Bd3 Bb7 9. 0-0 Bd6 10. f4 0-0 11. Bd2 Ne4 12. Be1 f6 13. Nf3 Nd7 14. Qb3 Qe7 15. a4 b4 16. Ne2 a5 17. Ng3 Kh8 18. Nd2 Nxd2 19. Bxd2 Nb6 20. Rfc1 Rac8 21. Qa2 Nc4 22. b3 Nxd2 23. Qxd2 g6 24. Rxc8 Rxc8 25. Rc1 Rc7 26. Ne2 Kg7 27. Rxc7 Qxc7 28. Qc1 Qxc1+ 29. Nxc1 e5 30. g3 1/2-1/2

[Event "Olympiad-34"]
[Site "Istanbul"]
[Date "2000.11.05"]
[Round "8.2"]
[White "Lungu, Nase"]
[Black "Dineley, Richard"]
[Result "1/2-1/2"]
[WhiteElo "2200"]
[BlackElo "2273"]
[PlyCount "80"]
[EventDate "2000.10.28"]
[EventType "team-swiss"]
[EventRounds "14"]
[EventCountry "TUR"]
[SourceTitle "EXT 2001"]
[Source "ChessBase"]
[SourceDate "2000.11.22"]
[SourceVersion "1"]
[SourceVersionDate "2000.11.22"]
[SourceQuality "1"]
[WhiteTeam "Zambia"]
[BlackTeam "Wales"]
[WhiteTeamCountry "ZAM"]
[BlackTeamCountry "WLS"]

1. d4 Nf6 2. c4 e6 3. Nc3 Bb4 4. e3 0-0 5. Nge2 d5 6. a3 Be7 7. Ng3 c5 8. cxd5 cxd4 9. exd4 Nxd5 10. Bc4 Nxc3 11. bxc3 Nd7 12. 0-0 Nf6 13. Qf3 Qc7 14. Bd3 Bd7 15. c4 Bc6 16. Qe2 Rfe8 17. f4 g6 18. Bb2 Bf8 19. h3 Bg7 20. Qf2 Rad8 21. Rab1 Rf8 22. f5 Bd7 23. fxe6 fxe6 24. Qe3 Bc8 25. Rf2 Rde8 26. Rbf1 b6 27. Qg5 Nd7 28. Bxg6 hxg6 29. Qxg6 Re7 30. Nh5 Rxf2 31. Rxf2 Qxc4 32. d5 e5 33. Nxg7 Rxg7 34. Qe8+ Kh7 35. Qh5+ Kg8 36. Qe8+ Kh7 37. Rf5 Nf6 38. Rxf6 Qe2 39. Rf2 Qe1+ 40. Rf1 Qe2 1/2-1/2

[Event "Olympiad-34"]
[Site "Istanbul"]
[Date "2000.11.02"]
[Round "6.2"]
[White "Lungu, Nase"]
[Black "Sepp, Olav"]
[Result "0-1"]
[WhiteElo "2200"]
[BlackElo "2439"]
[PlyCount "50"]
[EventDate "2000.10.28"]
[EventType "team-swiss"]
[EventRounds "14"]
[EventCountry "TUR"]
[SourceTitle "EXT 2001"]
[Source "ChessBase"]
[SourceDate "2000.11.22"]
[SourceVersion "1"]
[SourceVersionDate "2000.11.22"]
[SourceQuality "1"]
[WhiteTeam "Zambia"]
[BlackTeam "Estonia"]
[WhiteTeamCountry "ZAM"]
[BlackTeamCountry "EST"]

1. e4 e5 2. Nf3 Nc6 3. Bc4 Nf6 4. Nc3 Nxe4 5. Nxe4 d5 6. Bd3 dxe4 7. Bxe4 Bd6 8. d4 exd4 9. Bxc6+ bxc6 10. Qxd4 0-0 11. 0-0 Bf5 12. Bg5 Qd7 13. c4 c5 14. Qc3 Be4 15. Rfe1 Rae8 16. Bh4 f5 17. Ng5 Bc6 18. Nh3 f4 19. f3 Qf5 20. Kh1 h6 21. Rxe8 Rxe8 22. Re1 Be5 23. Qa3 Bd4 24. Qa5 Rxe1+ 25. Qxe1 Qxh3 0-1